000 00524nam a22001817a 4500
999 _c171431
_d171431
005 20200113155533.0
010 _aENG-127354
020 _a9789388973328
_c100.00
035 _aEN-110886
037 _bDBAD/PUB
082 _a658.827
100 _aVelusamy,P
245 _aManagement compendium/
_cby P.Velusamy
260 _aChennai
_bNew Century Book House
_c2019
270 _a41-B,SIDCO Industrial Estate,Ambattur
_bChennai
_e600098
300 _a150p.
_c22cm(pbk)
942 _2ddc
_cEN
_h658.827
_mVEL